000 00195 a2200097 4500
020 _a9788408067344
041 _aspa
100 _aJuan Carlos Arce
245 _aEl aire de un Fantasma
942 _cK
999 _c26672
_d26672